000
00331 a2200157 4500
001
174143
020
_a
040
_c
Magnum
100
_a
Sardenberg, Maria Percinia Escosteguy
240
1
0
_a
Os amigos
_l
por
245
1
0
_a
Os amigos
362
0
_a
1899
440
1
_a
Paulinas
697
_a
IJ/AVENTURA, CRIANCAS
942
_c
BK
999
_c
174143
_d
174143